[Event "Main Vogelsberg op 10th"]
[White "Rode, Heiko"]
[Black "Kimmel, Frank"]
[Site "Hanau"]
[Round "4"]
[Result "0-1"]
[Date "2015.05.24"]
[WhiteElo "1117"]
[BlackElo "1768"]
[PlyCount "88"]
[EventDate "2015.05.22"]
[EventType "swiss"]
[EventRounds "7"]
[EventCountry "GER"]
[SourceTitle "EXT 2016"]
[Source "ChessBase"]
[SourceDate "2015.10.08"]
[SourceVersion "1"]
[SourceVersionDate "2015.10.08"]
[SourceQuality "1"]

1. d4 e5 2. e4 exd4 3. Qxd4 Nc6 4. Qe3 Qe7 5. Nc3 Qb4 6. b3 Bc5 7. Qd2 Bd4 8. Bb2 Bxc3 9. Bxc3 Qxe4+ 10. Qe2 Qxe2+ 11. Bxe2 f6 12. Nf3 Nge7 13. 0-0 d5 14. Nd4 Nxd4 15. Bxd4 0-0 16. Bf3 Rd8 17. Rfe1 Ng6 18. Re3 Bf5 19. Rc1 c6 20. g4 Bd7 21. Kg2 Nf4+ 22. Kg3 Ne6 23. Bb2 Re8 24. h4 Kf7 25. Rh1 g6 26. Be2 Nc5 27. Rxe8 Rxe8 28. Bd1 f5 29. g5 Ne4+ 30. Kg2 c5 31. f3 Nd6 32. h5 gxh5 33. Rxh5 Kg8 34. Kf2 Re6 35. f4 Be8 36. Rh3 Ne4+ 37. Kg2 d4 38. Be2 Kg7 39. Bd3 Bg6 40. b4 b6 41. bxc5 bxc5 42. Bc4 Re7 43. Be2 Nxg5 44. fxg5 Rxe2+ 0-1

[Event "Main Vogelsberg op 10th"]
[White "Kimmel, Frank"]
[Black "Klundt, Klaus"]
[Site "Hanau"]
[Round "1"]
[Result "0-1"]
[Date "2015.05.22"]
[WhiteElo "1768"]
[BlackElo "2261"]
[PlyCount "50"]
[EventDate "2015.05.22"]
[EventType "swiss"]
[EventRounds "7"]
[EventCountry "GER"]
[SourceTitle "EXT 2016"]
[Source "ChessBase"]
[SourceDate "2015.10.08"]
[SourceVersion "1"]
[SourceVersionDate "2015.10.08"]
[SourceQuality "1"]

1. Nc3 e5 2. Nf3 Nc6 3. d4 exd4 4. Nxd4 Nf6 5. Bg5 h6 6. Bh4 Bb4 7. Qd3 0-0 8. Nxc6 bxc6 9. e3 d5 10. Be2 Re8 11. 0-0 a5 12. a3 Bd6 13. Rfe1 Rb8 14. Rab1 Qe7 15. Bxf6 Qxf6 16. Bf3 Bf5 17. e4 Bg6 18. Qd1 Rbd8 19. exd5 Rxe1+ 20. Qxe1 Qf4 21. Qe3 Qxh2+ 22. Kf1 Bf4 23. Qe7 Bg5 24. Qc5 Rc8 25. g3 Bf5 0-1

[Event "Main Vogelsberg op 8th"]
[White "Kimmel, Frank"]
[Black "Scholz, Michael"]
[Site "Hanau"]
[Round "5"]
[Result "0-1"]
[Date "2013.06.01"]
[WhiteElo "1758"]
[BlackElo "1708"]
[PlyCount "102"]
[EventDate "2013.05.30"]
[EventType "swiss"]
[EventRounds "7"]
[EventCountry "GER"]
[SourceTitle "EXT 2014"]
[Source "ChessBase"]
[SourceDate "2013.11.20"]
[SourceVersion "1"]
[SourceVersionDate "2013.11.20"]
[SourceQuality "1"]

1. d4 g6 2. e4 Bg7 3. Bc4 c6 4. c3 d6 5. Bg5 Nf6 6. Bxf6 Bxf6 7. Nf3 b5 8. Bb3 Nd7 9. 0-0 0-0 10. Re1 e5 11. d5 c5 12. c4 Ba6 13. cxb5 Bxb5 14. Nc3 Ba6 15. Ba4 Rb8 16. b3 Bg7 17. Nd2 Nb6 18. Bc6 f5 19. a4 fxe4 20. Ndxe4 Qh4 21. Nb5 Nc8 22. Qc2 Qe7 23. Qd2 h6 24. Rab1 Bb7 25. Bxb7 Rxb7 26. Re3 a6 27. Nbc3 Rb4 28. Qe2 Qb7 29. Na2 Rxa4 30. Nac3 Rb4 31. Ra1 Rb6 32. Qc4 Ne7 33. Ree1 Rf4 34. g3 Rf8 35. Ra4 Nf5 36. Rea1 Ra8 37. Ne2 Nd4 38. Nxd4 exd4 39. R1a2 Be5 40. Kg2 g5 41. f3 Rxb3 42. Rxa6 Rxa6 43. Qxa6 Rb2+ 44. Nf2 Qxa6 45. Rxa6 d3 46. f4 Bd4 47. Rxd6 Rxf2+ 48. Kh3 d2 49. Rd8+ Kf7 50. d6 d1Q 51. fxg5 Qh5# 0-1